00373nam a2200145Ia 4500008004100000020001800041082001800059100001700077245004300094250000800137260002900145300001200174500002500186650001600211230524s9999 xx 000 0 und d a9788120327498 a621.3821bBOS aBimal K.Bose 0aModern Power Electronics and AC Drives a1ST aNEW DELHIbPearsonc2005 aXVI;691 aQuantity Number: 11 aElectronics